000
00238nam a2200133Ia 4500
100
_a
SKF
942
_c
BK
654
_a
TQA
245
_a
TQA Workshop
260
_b
none
082
_a
658.562
_b
SKF
546
_a
ENGLISH
999
_c
24045
_d
24045